01256nam a2200325Ic 450000100060000000300100000600500170001600700030003300800410003602000180007704000350009504100080013008200170013810000380015524501860019325000220037926400420040130000180044333600270046133700330048833800280052150000480054950000550059752100380065265000510069065000550074165000540079665000540085070000260090458970CO-BoRNBP20250901154625.0ta180815s2013 ck g 000 0 spa  a9789584248640 aCO-BoRNBPbspaerdacCO-BoRNBP aspa04a338.91bS11e1 aSachs, Jeffrey David,d1954-eaut13aLa era del desarrollo sostenible :bnuestro futuro está en juego : aupemos el desarrollo sostenible a la agenda política mundial /cJefrey D. Sachs ; traducido por Ramon Vil... aSegunda edición 1aBogotá, Colombia :bPaidós,c2013 a606 páginas atextobtxt2rdacontent asin mediaciónbn2rdamedia avolumenbnc2rdacarrier aIncluye bibliografía en páginas 595-605 aIncluye datos biográficos del autor en la solapa aRecomendado para público adulto07aConservación de los recursos naturales2LEMB07aDesarrollo económicoxAspectos ambientales2lemb07aPolítica ambientalxAspectos económicos2lemb07aDesarrollo SosteniblexAspectos políticos2LEMB aVil..., Ramon,d1954-